000 00534nam a2200169Ia 4500
999 _c12818
_d12818
003 OSt
005 20231227160748.0
008 190216s9999||||xx |||||||||||||| ||und||
040 _coclc
082 _a822.33
_bSHA/A
100 1 _aShakespeare, William,
_d1564-1616
_vAdaptations
_974
245 0 _aAll`s Well That Ends Well /
_cWilliam Shakespeare
260 _bWashington Square Press Pvt Ltd,
_c1965.
_aNewyork:
300 _a116p
650 _aEnglish Drama
942 _cBK
_2ddc
_h822.33
_iSHA/A
_k822.33
_mSHA/A